000 00207 a2200097 4500
001 22753
100 _aPeery, D J
245 _aAircraft - Structure
260 _a
_bMcGraw-Hill
_c1950
090 _c15385
_d15385
942 _aNUST-CAE
_cM
_c5986
999 _c257826
_d257826